[Event "Muensterland Verbandsklasse 1415"]
[Site "Germany"]
[Date "2015.03.21"]
[Round "8.6"]
[White "Kernebeck, Daniel"]
[Black "Scharlow, Siegmar"]
[Result "1-0"]
[WhiteElo "1498"]
[BlackElo "1789"]
[PlyCount "63"]
[EventDate "2014.09.13"]
[EventType "team-tourn"]
[EventRounds "9"]
[EventCountry "GER"]
[SourceTitle "EXT 2016"]
[Source "ChessBase"]
[SourceDate "2015.10.08"]
[SourceVersion "1"]
[SourceVersionDate "2015.10.08"]
[SourceQuality "1"]
[WhiteTeam "Ahaus Wessum II"]
[BlackTeam "Nienberge II"]
[WhiteTeamCountry "GER"]
[BlackTeamCountry "GER"]

1. d4 Nf6 2. Nc3 d5 3. Bg5 e6 4. e4 dxe4 5. Nxe4 Be7 6. Bxf6 Bxf6 7. Nf3 Nc6 8. c3 0-0 9. Bd3 b6 10. 0-0 Bb7 11. Qe2 g6 12. Rad1 Bg7 13. h4 Ne7 14. h5 Nd5 15. hxg6 hxg6 16. g3 Nf6 17. Rfe1 Re8 18. Neg5 Bh6 19. Nxf7 Kxf7 20. Ne5+ Kg7 21. Bxg6 Rh8 22. f3 Qd6 23. Bf7 Raf8 24. Qc2 Be3+ 25. Rxe3 Rh6 26. Re2 Rfh8 27. Rg2 Nd5 28. Re1 Rf8 29. Rh2 Rxh2 30. Qg6+ Kh8 31. Kxh2 Nf6 32. Qxf6+ 1-0

[Event "Muensterland Verbandsklasse 1415"]
[Site "Germany"]
[Date "2015.02.28"]
[Round "7.5"]
[White "Kernebeck, Daniel"]
[Black "Jonas, Robert"]
[Result "0-1"]
[WhiteElo "1498"]
[BlackElo "1684"]
[PlyCount "42"]
[EventDate "2014.09.13"]
[EventType "team-tourn"]
[EventRounds "9"]
[EventCountry "GER"]
[SourceTitle "EXT 2016"]
[Source "ChessBase"]
[SourceDate "2015.10.08"]
[SourceVersion "1"]
[SourceVersionDate "2015.10.08"]
[SourceQuality "1"]
[WhiteTeam "Ahaus Wessum II"]
[BlackTeam "Ibbenbueren"]
[WhiteTeamCountry "GER"]
[BlackTeamCountry "GER"]

1. d4 d5 2. Nc3 Nf6 3. Bg5 e6 4. e4 dxe4 5. Nxe4 Be7 6. Bxf6 Bxf6 7. Nf3 0-0 8. Qd2 Nc6 9. 0-0-0 Be7 10. c3 Qd5 11. Bd3 Qxa2 12. Qe2 Na5 13. Ned2 Bd7 14. Bb1 Qa1 15. Qd3 g6 16. h4 Ba3 17. bxa3 Qxa3+ 18. Kc2 Ba4+ 19. Nb3 Bxb3+ 20. Kd2 Nc4+ 21. Ke1 Nb2 0-1